[Event "Ctor por Equipos de Aragon-Division de Honor"]
[Site ""]
[Date "2023.02.25"]
[Round "5.2"]
[White "Villuendas Valero, Adrian"]
[Black "Glavina, Pablo"]
[Result "1/2-1/2"]
[WhiteElo "2259"]
[BlackElo "2408"]
[PlyCount "0"]
[WhiteTeam "El Olivar"]
[BlackTeam "MyInvestor Casablanca"]
[EventDate "2023.01.28"]

1. e4 e5 2. Nf3 Nc6 3. Bb5 Bc5 4. c3 Nge7 5. d4 exd4 6. cxd4 Bb4+ 7. Bd2 Bxd2+
8. Qxd2 d5 9. exd5 Nxd5 10. Bxc6+ bxc6 11. O-O O-O 12. Nc3 Nxc3 13. Qxc3 Rb8
14. Ne5 Qd6 15. Nxc6 Rb6 16. d5 Bb7 17. Rac1 h6 18. Rfe1 Kh8 19. Ne7 Bxd5 20.
Nxd5 Qxd5 21. b3 Rg6 22. g3 Rc8 23. Re5 Qd6 24. Qe3 Kh7 25. Re7 Rf6 26. Qc5 Qa6
27. Qc2+ Kg8 28. Rce1 Qc6 29. Rc1 Qa6 30. Rd1 c5 31. Rdd7 c4 32. bxc4 g6 33.
Rxa7 Qb6 34. Rab7 Qd4 35. Re4 Rxc4 36. Rxd4 Rxc2 37. Rf4 Rxf4 38. gxf4 Rxa2 39.
Kg2 Ra3 40. f3 Kg7 41. Kg3 Ra1 42. Rb6 h5 43. Rc6 Ra2 44. Rb6 Re2 45. Ra6 Kf8
46. h4 Re6 47. Ra5 f5 48. Ra7 Re7 49. Ra1 Kf7 50. Rb1 Re6 51. Rb7+ Kf6 52. Ra7
Rb6 53. Ra8 Ke6 54. Ra5 Kd6 55. Re5 Rc6 56. Ra5 Kc7 57. Re5 Rd6 58. Ra5 Kc6 59.
Re5 Kb6 60. Kf2 Rd2+ 61. Kg3 Rd1 62. Kg2 Rd2+ 1/2-1/2

[Event "Ctor por Equipos de Aragon-Division de Honor"]
[Site ""]
[Date "2023.02.25"]
[Round "5.3"]
[White "Quintin Navarro, Alberto"]
[Black "Hernando Garcia, Antonio"]
[Result "1-0"]
[WhiteElo "2373"]
[BlackElo "2101"]
[PlyCount "0"]
[WhiteTeam "MyInvestor Casablanca"]
[BlackTeam "El Olivar"]
[EventDate "2023.01.28"]

1. d4 d5 2. c4 e6 3. Nf3 Nf6 4. g3 c6 5. Bg2 Nbd7 6. Qc2 Be7 7. O-O O-O 8. Rd1
b6 9. b3 Bb7 10. Nc3 Re8 11. e4 dxe4 12. Nxe4 Nxe4 13. Qxe4 Qc7 14. Bf4 Bd6 15.
Bxd6 Qxd6 16. c5 Qc7 17. Ne5 Nxe5 18. dxe5 Rad8 19. Rd6 bxc5 20. Rad1 Rxd6 21.
exd6 Qd7 22. Qe5 Ba8 23. Qxc5 g6 24. h4 e5 25. Bh3 f5 26. Bf1 Kg7 27. Bc4 f4
28. Bf1 e4 29. Bh3 Qxh3 30. d7 fxg3 31. dxe8=N+ Kf7 32. Nd6+ Kg8 33. Qc4+ Kh8
34. Qc3+ Kg8 35. Qxg3 1-0

[Event "Ctor por Equipos de Aragon-Division de Honor"]
[Site ""]
[Date "2023.02.25"]
[Round "5.4"]
[White "Galstyan, David"]
[Black "Vela Frago, Alberto"]
[Result "1/2-1/2"]
[WhiteElo "2040"]
[BlackElo "2213"]
[PlyCount "0"]
[WhiteTeam "El Olivar"]
[BlackTeam "MyInvestor Casablanca"]
[EventDate "2023.01.28"]

1. e4 e5 2. Nf3 Nc6 3. Bb5 Bc5 4. O-O Qf6 5. Nc3 Nge7 6. d3 h6 7. Be3 Bb6 8.
Bxb6 axb6 9. Bxc6 bxc6 10. Nd2 Ng6 11. Qf3 Qe7 12. Nc4 d6 13. Ne3 O-O 14. Nf5
Qg5 15. g3 Bxf5 16. Qxf5 Qxf5 17. exf5 Ne7 18. g4 b5 19. a3 Nd5 20. Nxd5 cxd5
21. Kg2 Ra4 22. f3 g6 23. fxg6 fxg6 24. Kg3 g5 25. Rae1 Kg7 26. h3 c5 27. Kg2
Rd4 28. Rd1 Ra8 29. Rfe1 Rf4 30. c3 Raf8 31. Rf1 d4 32. cxd4 Rxd4 33. Kg3 Ra8
34. Rfe1 b4 35. axb4 Rxb4 36. Ra1 Rba4 37. Rxa4 Rxa4 38. Re4 Ra2 39. b4 cxb4
40. Rxb4 Rd2 41. Rb3 Kf6 42. h4 Ke6 43. h5 Kd5 44. Rb5+ Kd4 45. Rb6 Kc5 46. Rb8
Rxd3 47. Kf2 d5 48. Rh8 Rd2+ 49. Ke3 Rh2 50. Rc8+ Kd6 51. Rd8+ Ke6 52. Re8+ Kf6
53. Rf8+ Kg7 54. Re8 d4+ 55. Kd3 Kf6 56. Rh8 Rf2 57. Rxh6+ Kf7 58. Ke4 Re2+ 59.
Kf5 Re3 60. Rh7+ Kg8 61. Rd7 Rxf3+ 62. Kg6 Rf8 63. Rg7+ Kh8 64. Re7 Rd8 65.
Rxe5 d3 66. Re1 d2 67. Rd1 Rd5 68. Kf6 Kh7 69. Ke6 Rd4 70. Ke5 Rxg4 71. Rxd2
Rf4 72. Rd6 Rf7 1/2-1/2

[Event "Ctor por Equipos de Aragon-Division de Honor"]
[Site ""]
[Date "2023.02.25"]
[Round "5.6"]
[White "Escartin Lacasa, Jose"]
[Black "Laliena Solanes, Luis"]
[Result "1/2-1/2"]
[WhiteElo "2284"]
[BlackElo "2196"]
[PlyCount "0"]
[WhiteTeam "Jaque - Aramovil"]
[BlackTeam "ONCE C. A. Aragon"]
[EventDate "2023.01.28"]

1. d4 d5 2. Nf3 Nf6 3. c4 e6 4. g3 Be7 5. Bg2 O-O 6. O-O dxc4 7. Qc2 b5 8. a4
Bb7 9. axb5 a6 10. bxa6 Nxa6 11. Qxc4 Bd5 12. Qc2 Nb4 13. Rxa8 Nxc2 14. Rxd8
Rxd8 15. Bf4 Bd6 16. Bxd6 cxd6 17. Rc1 Nb4 18. Nc3 Na2 19. Nxa2 Bxa2 20. Ra1
Bc4 21. e3 Ne4 22. Rc1 Bd5 23. Ne1 f5 24. Nd3 Rb8 25. Rc2 Bb3 26. Rc7 g5 27. f3
Nd2 28. Rc3 Nc4 29. Nc1 Na5 30. Nxb3 Nxb3 31. Rc6 Nd2 32. Rxd6 Kf7 33. d5 e5
34. Rd7+ Kf6 35. Rxh7 Rxb2 36. Rc7 e4 37. fxe4 fxe4 38. h3 Nf3+ 39. Bxf3 exf3
40. Rc4 Rg2+ 41. Kf1 Rxg3 42. Rd4 Rxh3 1/2-1/2

[Event "Ctor por Equipos de Aragon-Division de Honor"]
[Site ""]
[Date "2023.02.25"]
[Round "5.7"]
[White "Gavin Roche, Enrique"]
[Black "Ereza Vizcarra, Fernando"]
[Result "1/2-1/2"]
[WhiteElo "2201"]
[BlackElo "2125"]
[PlyCount "0"]
[WhiteTeam "ONCE C. A. Aragon"]
[BlackTeam "Jaque - Aramovil"]
[EventDate "2023.01.28"]

1. d4 d6 2. c4 e5 3. dxe5 dxe5 4. Qxd8+ Kxd8 5. Nc3 Be6 6. b3 c6 7. Bb2 f6 8.
e3 Bd6 9. O-O-O Kc7 10. Bd3 Nh6 11. h3 a5 12. g4 Na6 13. Ne4 Be7 14. f4 Nc5 15.
Bc2 Nxe4 16. Bxe4 Bc5 17. Re1 exf4 18. exf4 Bd6 19. f5 Bd7 20. Nf3 Nf7 21. Kb1
Rae8 22. Bc3 b6 23. Bd3 1/2-1/2

[Event "Ctor por Equipos de Aragon-Division de Honor"]
[Site ""]
[Date "2023.02.25"]
[Round "5.8"]
[White "Carrasquer Alonso, Fernando"]
[Black "Latorre Abad, Fernando"]
[Result "1-0"]
[WhiteElo "1874"]
[BlackElo "2085"]
[PlyCount "0"]
[WhiteTeam "Jaque - Aramovil"]
[BlackTeam "ONCE C. A. Aragon"]
[EventDate "2023.01.28"]

1. e4 c5 2. Nf3 e6 3. g3 d5 4. exd5 exd5 5. Bg2 Nf6 6. O-O Be7 7. d4 cxd4 8.
Nxd4 O-O 9. c3 Nc6 10. Re1 Bg4 11. Qd3 Qd7 12. Nd2 Nxd4 13. cxd4 Rfe8 14. Nf3
Bb4 15. Rxe8+ Rxe8 16. Ne5 Qa4 17. Bg5 Ne4 18. Nxg4 Nxg5 19. Qf5 Ne6 20. Ne5
Nxd4 21. Qxf7+ Kh8 22. Bxd5 1-0

[Event "Ctor por Equipos de Aragon-Division de Honor"]
[Site ""]
[Date "2023.02.25"]
[Round "5.9"]
[White "Hinojar Basa, Alfonso"]
[Black "Ramon Perez, Jose Luis"]
[Result "1/2-1/2"]
[WhiteElo "2164"]
[BlackElo "2166"]
[PlyCount "0"]
[WhiteTeam "Marcos Frechin"]
[BlackTeam "Fraga"]
[EventDate "2023.01.28"]

1. e4 c5 2. Nf3 d6 3. Bb5+ Nd7 4. a4 a6 5. Be2 Ngf6 6. Nc3 e6 7. a5 Be7 8. O-O
O-O 9. d4 cxd4 10. Qxd4 Qc7 11. Bg5 h6 12. Bh4 Ne5 13. Nxe5 dxe5 14. Qc4 Qxc4
15. Bxc4 Bd7 16. Rfd1 Bc6 17. f3 Rfd8 18. Bf2 Rxd1+ 19. Nxd1 Rc8 20. Ne3 Bc5
21. Be2 Nd7 22. Nc4 Bb5 23. b3 Kf8 24. Bxc5+ Rxc5 25. Kf2 Ke7 26. Ne3 Bxe2 27.
Kxe2 Nb8 28. b4 1/2-1/2

[Event "Ctor por Equipos de Aragon-Division de Honor"]
[Site ""]
[Date "2023.02.25"]
[Round "5.10"]
[White "Vallverdu Miret, Oscar"]
[Black "Miranda Herrera, Jorge Manuel"]
[Result "1/2-1/2"]
[WhiteElo "2086"]
[BlackElo "2115"]
[PlyCount "0"]
[WhiteTeam "Fraga"]
[BlackTeam "Marcos Frechin"]
[EventDate "2023.01.28"]

1. d4 d6 2. c4 e5 3. dxe5 dxe5 4. Qxd8+ Kxd8 5. Nc3 c6 6. f4 Be6 7. e4 exf4 8.
Bxf4 Ne7 9. Nf3 Ng6 10. O-O-O+ Nd7 11. Bg3 Bc5 12. Nd4 Bg4 13. Be2 Bxe2 14.
Ncxe2 Re8 15. Nc3 Nge5 16. Nf5 g6 17. Bxe5 Rxe5 18. Nd6 Kc7 19. Nxf7 Re7 20. e5
Nxe5 21. Nxe5 Rxe5 22. Rhf1 Re7 23. Kc2 1/2-1/2

[Event "Ctor por Equipos de Aragon-Division de Honor"]
[Site ""]
[Date "2023.02.25"]
[Round "5.11"]
[White "Fuster Garcia, Luis Miguel"]
[Black "Chine Infantes, Miguel Angel"]
[Result "1-0"]
[WhiteElo "2130"]
[BlackElo "1814"]
[PlyCount "0"]
[WhiteTeam "Marcos Frechin"]
[BlackTeam "Fraga"]
[EventDate "2023.01.28"]

1. e4 b6 2. d4 Bb7 3. Bd3 e6 4. Nf3 Nf6 5. Qe2 h6 6. O-O d6 7. e5 Nh7 8. Nc3
Nd7 9. d5 Qe7 10. exd6 cxd6 11. Nb5 Nc5 12. dxe6 Nxd3 13. exf7+ Kxf7 14. Qxd3
Qe4 15. Nxd6+ Bxd6 16. Qxd6 Rhe8 17. Qf4+ Nf6 18. Qxe4 Rxe4 19. c3 Rae8 20. Be3
Nd5 21. Rfe1 Nxe3 22. Rxe3 Rxe3 23. fxe3 Rxe3 24. Re1 Rxe1+ 25. Nxe1 Be4 26.
Kf2 Ke6 27. Ke3 Bb1 28. a3 Kd5 29. Nf3 a5 30. Nd2 Bg6 31. b4 a4 32. c4+ Kd6 33.
Kd4 Be8 34. Ne4+ Kc7 35. Nc3 1-0

[Event "Ctor por Equipos de Aragon-Division de Honor"]
[Site ""]
[Date "2023.02.25"]
[Round "5.12"]
[White "Canales Navarro, Carlos"]
[Black "Miranda Herrera, Miguel"]
[Result "0-1"]
[WhiteElo "1581"]
[BlackElo "1976"]
[PlyCount "0"]
[WhiteTeam "Fraga"]
[BlackTeam "Marcos Frechin"]
[EventDate "2023.01.28"]

1. c4 e6 2. e4 d5 3. e5 dxc4 4. Bxc4 Qd4 5. Qe2 Bd7 6. Nf3 Qg4 7. O-O Bc6 8.
Bb5 Nh6 9. h3 Qh5 10. Re1 Be7 11. d4 g5 12. Nxg5 Qxe2 13. Bxe2 Nf5 14. Nf3 Rg8
15. Be3 Nd7 16. Nc3 O-O-O 17. d5 exd5 18. Bb5 Nxe3 19. Rxe3 d4 20. Bxc6 dxe3
21. Bxd7+ Rxd7 22. fxe3 a6 23. Ne4 b5 24. Rc1 Kb7 25. Nf6 Bxf6 26. exf6 Rd6 27.
Ne5 Rd2 28. g4 Re8 29. Nxf7 Rf8 30. Ng5 Rxf6 31. Nxh7 Rff2 32. Ng5 Rg2+ 33. Kh1
Rh2+ 34. Kg1 Rdg2+ 35. Kf1 Rxb2 36. Kg1 Rbg2+ 37. Kf1 Rxa2 38. Kg1 b4 39. e4
Rag2+ 40. Kf1 Rh1+ 41. Kxg2 Rxc1 0-1

[Event "Ctor por Equipos de Aragon-Division de Honor"]
[Site ""]
[Date "2023.02.25"]
[Round "5.13"]
[White "Garza Marco, Sergio"]
[Black "Baron Rodriguez, Jesus"]
[Result "0-1"]
[WhiteElo "2397"]
[BlackElo "2406"]
[PlyCount "0"]
[WhiteTeam "Helios"]
[BlackTeam "Iberajedrez Mundo 64"]
[EventDate "2023.01.28"]

1. e4 e6 2. d4 d5 3. e5 c5 4. c3 Nc6 5. Nf3 Nh6 6. Bd3 cxd4 7. cxd4 Nf5 
8. Bxf5 exf5 9. h4 f4 10. Nc3 Bg4 11. Bxf4 Bb4 12. Qd3 Qd7 13. Nh2 Bf5 
14. Qe3 O-O 15. O-O Rfe8 16. Ne2 Rac8 17. Ng3 Bf8 18. Rac1 Nb4 19. a3 Nd3 
20. Rxc8 Rxc8 21. Qd2 Nxf4 22. Qxf4 Bd3 23. Rc1 Rc4 24. Qe3 h6 25. Re1 Bc2 
26. Nf3 Rc6 27. Rc1 Be7 28. Qf4 Qc8 29. Kh2 a5 30. Qd2 a4 31. h5 b5 
32. Ne1 Bh7 33. Rxc6 Qxc6 34. f4 Bb1 35. Ne2 Qc4 36. Nc3 Bf5 37. Nd1 Be4 
38. Nf2 b4 39. Nxe4 dxe4 40. axb4 Bxb4 41. Qc2 Qf1 42. Qc8+ Bf8 43. Qc1 Bb4 
44. Qc8+ Bf8 45. Qc1 Qf2 46. Nc2 Be7 {Tiempo de las blancas.} 0-1

[Event "Ctor por Equipos de Aragon-Division de Honor"]
[Site ""]
[Date "2023.02.25"]
[Round "5.14"]
[White "Lopez Gracia, Fernando"]
[Black "Eizaguerri Floris, Maria"]
[Result "1/2-1/2"]
[WhiteElo "2259"]
[BlackElo "2137"]
[PlyCount "0"]
[WhiteTeam "Iberajedrez Mundo 64"]
[BlackTeam "Helios"]
[EventDate "2023.01.28"]

1. e4 c5 2. b4 cxb4 3. a3 bxa3 4. Nxa3 d6 5. d4 g6 6. Bd3 Bg7 7. Ne2 Nc6 
8. c3 Nf6 9. O-O O-O 10. f4 b6 11. Ng3 Bb7 12. Nc2 Na5 13. Ne3 Qc8 
14. Bd2 Ne8 15. f5 Nc7 16. Nh5 gxh5 17. Qxh5 f6 18. Rf3 Rf7 19. Rg3 Qe8 
20. Ng4 Kh8 21. Rf1 Ba6 22. Bxa6 Nxa6 23. Nh6 Bxh6 24. Bxh6 e5 25. fxe6 Qxe6 
26. d5 Qe7 27. Rf4 Nc5 28. Rfg4 Nc4 29. Bg7+ Rxg7 30. Rxg7 Qxg7 31. Rxg7 Kxg7 
32. Qg4+ Kh8 33. Qf4 Rf8 34. h4 a5 35. h5 Kg8 36. Qg4+ Kf7 37. Qf5 Rh8 
38. Qf1 b5 39. Qb1 Na3 40. Qb2 1/2-1/2

[Event "Ctor por Equipos de Aragon-Division de Honor"]
[Site ""]
[Date "2023.02.25"]
[Round "5.15"]
[White "Guzman Moneo, Alberto"]
[Black "Palacios Latasa, Elias"]
[Result "1/2-1/2"]
[WhiteElo "2146"]
[BlackElo "2171"]
[PlyCount "0"]
[WhiteTeam "Helios"]
[BlackTeam "Iberajedrez Mundo 64"]
[EventDate "2023.01.28"]

1. e4 e5 2. Nf3 Nc6 3. d4 exd4 4. Nxd4 d6 5. Nc3 Nf6 6. Bb5 Bd7 7. O-O Be7 
8. Re1 O-O 9. Bxc6 bxc6 10. Qf3 Re8 11. Bg5 h6 12. Bh4 Nh7 13. Bxe7 Qxe7 
14. Re3 Rab8 15. b3 Qf6 16. Qd1 Ng5 17. Qd3 c5 18. Nde2 Bb5 19. Qd1 Bc6 
20. Ng3 g6 21. h4 Ne6 22. h5 Ng5 23. Qf1 Re7 24. Rae1 Ne6 25. hxg6 fxg6 
26. e5 Qf7 27. exd6 cxd6 28. Nce4 Rd7 29. Rf3 Nf4 30. Ne2 g5 31. Nxf4 gxf4 
32. Qa6 Bb7 33. Qxa7 Rf8 34. Qb6 Re7 35. Qxd6 Rxe4 36. Rxe4 Bxe4 37. Rh3 Qg6 
38. Qxg6+ Bxg6 39. Rxh6 Bxc2 40. Rc6 Rf5 41. b4 Bb1 42. Rxc5 Rxc5 43. bxc5 Bxa2 
44. c6 Kf7 45. c7 Be6 46. f3 Ke7 1/2-1/2

[Event "Ctor por Equipos de Aragon-Division de Honor"]
[Site ""]
[Date "2023.02.25"]
[Round "5.16"]
[White "Villalba Embid, Marcos"]
[Black "Cerrajeria Ruiz, Jesus Maria"]
[Result "1/2-1/2"]
[WhiteElo "2125"]
[BlackElo "2064"]
[PlyCount "0"]
[WhiteTeam "Iberajedrez Mundo 64"]
[BlackTeam "Helios"]
[EventDate "2023.01.28"]

1. e4 c5 2. Nf3 Nc6 3. d4 cxd4 4. Nxd4 Nf6 5. Nc3 g6 6. Be3 Bg7 7. Bc4 O-O 
8. Bb3 a5 9. O-O a4 10. Nxa4 Nxe4 11. Nb5 d5 12. Nb6 Ra5 13. Qxd5 Nd6 
14. a4 Be6 15. Qd3 Nxb5 16. Qxd8 Rxd8 17. Bxe6 Nbd4 18. Bb3 Nxb3 19. cxb3 Bxb2 
20. Rad1 Bd4 21. b4 Re5 22. b5 Bxe3 23. fxe3 Rxd1 24. Rxd1 Na5 25. Rd8+ Kg7 
26. Kf2 Re6 27. Nd5 Re4 28. Nb6 Re6 29. Ra8 Nb3 30. Nd5 Re5 31. Nc7 Rc5 
32. b6 Rc2+ 33. Kg3 Ra2 34. Ne8+ Kh6 35. Ra7 Nc5 36. a5 f5 37. h4 g5 
38. hxg5+ Kxg5 39. Nc7 e5 40. Rxb7 f4+ 41. exf4+ exf4+ {Ilegible} 1/2-1/2

[Event "Ctor por Equipos de Aragon-Division de Honor"]
[Site ""]
[Date "2023.02.25"]
[Round "5.17"]
[White "Arrieta Restrepo, Steven"]
[Black "Lana Rodriguez, David"]
[Result "0-1"]
[WhiteElo "2039"]
[BlackElo "2383"]
[PlyCount "0"]
[WhiteTeam "Monzon"]
[BlackTeam "Teruel"]
[EventDate "2023.01.28"]

1. e4 e6 2. d4 d5 3. exd5 exd5 4. Nf3 Bd6 5. Bd3 Nc6 6. c3 Bg4 7. O-O Qd7 8. b4
Nge7 9. Re1 O-O 10. Nbd2 Ng6 11. h3 Nf4 12. Nf1 Nxd3 13. Qxd3 Bf5 14. Qd1 a5
15. b5 Na7 16. a4 Nc8 17. Ne5 Bxe5 18. Rxe5 Nb6 19. Ne3 Bg6 20. Qg4 Qxg4 21.
hxg4 Rfe8 22. Nf5 Bxf5 23. gxf5 f6 24. Rxe8+ Rxe8 25. Bf4 Re7 26. g4 h6 27. f3
Kf7 28. Kf2 Ke8 29. Bg3 Kd7 30. Bf4 Re8 31. Bd2 Nc4 32. Bf4 c6 33. bxc6+ Kxc6
0-1

[Event "Ctor por Equipos de Aragon-Division de Honor"]
[Site ""]
[Date "2023.02.25"]
[Round "5.18"]
[White "Moreno Martin-Viveros, Alvaro"]
[Black "Barranco Mananet, Fernando"]
[Result "1-0"]
[WhiteElo "2151"]
[BlackElo "2005"]
[PlyCount "0"]
[WhiteTeam "Teruel"]
[BlackTeam "Monzon"]
[EventDate "2023.01.28"]

1. e4 c5 2. Nf3 e6 3. b3 Nf6 4. e5 Nd5 5. c4 Nc7 6. g3 Nc6 7. Bg2 d5 8. exd6
Bxd6 9. Bb2 O-O 10. O-O e5 11. Nc3 Bf5 12. Re1 Re8 13. Nh4 Bd7 14. Qb1 Qc8 15.
Be4 g6 16. Nd5 Nxd5 17. Bxd5 Kg7 18. a3 Rb8 19. Qd3 Nd4 20. Bxd4 exd4 21. b4 b6
22. b5 Be6 23. Qf3 Bxd5 24. Qxd5 Qc7 25. d3 Rbd8 26. Qf3 f6 27. a4 Rxe1+ 28.
Rxe1 Rd7 29. Qe4 Kf7 30. Ng2 Re7 31. Qf3 Qb7 32. Qd1 Rxe1+ 33. Nxe1 Bc7 34. Nf3
Bd8 35. Nd2 Be7 36. Nb3 a5 37. bxa6 Qxa6 38. Qa1 Bd6 39. a5 bxa5 40. Qa4 Qb7
41. Nd2 Qc7 42. Qb5 Ke6 43. Nb3 Qb8 44. Nxc5+ Kf7 45. Qd7+ Be7 46. Qe6+ Ke8 47.
Qg8+ Bf8 48. Qxf8+ Kxf8 49. Nd7+ Ke7 50. Nxb8 1-0

[Event "Ctor por Equipos de Aragon-Division de Honor"]
[Site ""]
[Date "2023.02.25"]
[Round "5.19"]
[White "Hidalgo Gracia, Andres"]
[Black "Martin Catalan, Juan Vicente"]
[Result "0-1"]
[WhiteElo "1852"]
[BlackElo "1939"]
[PlyCount "0"]
[WhiteTeam "Monzon"]
[BlackTeam "Teruel"]
[EventDate "2023.01.28"]

1. c4 f5 2. g3 Nf6 3. Bg2 e6 4. e3 Nc6 5. Nc3 Be7 6. Nge2 O-O 7. O-O d6 8. d3
Bd7 9. Rb1 a5 10. a3 Rb8 11. b4 axb4 12. axb4 Ne5 13. b5 c6 14. Nd4 d5 15. f4
Ng6 16. Qb3 Kh8 17. Ba3 dxc4 18. dxc4 c5 19. Nc2 b6 20. e4 Nxe4 21. Nxe4 fxe4
22. Bxe4 e5 23. Qd3 Bg4 24. Bd5 0-1

[Event "Ctor por Equipos de Aragon-Division de Honor"]
[Site ""]
[Date "2023.02.25"]
[Round "5.20"]
[White "Barcena Laguia, Francisco"]
[Black "Rodriguez Aranda, Kevin"]
[Result "1/2-1/2"]
[WhiteElo "1795"]
[BlackElo "1791"]
[PlyCount "0"]
[WhiteTeam "Teruel"]
[BlackTeam "Monzon"]
[EventDate "2023.01.28"]

1. d4 d5 2. e4 dxe4 3. Nc3 Nf6 4. f3 exf3 5. Nxf3 e6 6. Bd3 c5 7. Be3 cxd4 8.
Bxd4 Nc6 9. Bxf6 Qxf6 10. O-O Bc5+ 11. Kh1 Bd7 12. Ne4 Qe7 13. Nfg5 f5 14. Nxc5
Qxc5 15. Re1 O-O 16. Qh5 h6 17. Nxe6 Bxe6 18. Rxe6 Nb4 19. Rae1 Nxd3 20. cxd3
Rf7 21. h3 Rc8 22. Qe2 Kh7 23. Re5 Qc2 24. d4 Qxe2 25. R1xe2 Rd8 26. d5 Kg6 27.
Kg1 Rfd7 28. Rd2 Rd6 29. Rf2 Rxd5 30. Rfxf5 Rd2 31. Rf2 Rxf2 32. Kxf2 Kf6 33.
Re3 Rd2+ 34. Re2 Rd3 35. Re3 Rxe3 36. Kxe3 1/2-1/2

[Event "Ctor por Equipos de Aragon-Division de Honor"]
[Site ""]
[Date "2023.02.25"]
[Round "5.21"]
[White "Aranaz Murillo, Amalia"]
[Black "Forcen Esteban, Daniel"]
[Result "0-1"]
[WhiteElo "2265"]
[BlackElo "2576"]
[PlyCount "0"]
[WhiteTeam "Palacio De Pioneros B"]
[BlackTeam "Jaime Casas"]
[EventDate "2023.01.28"]

1. Nf3 d5 2. g3 Nf6 3. Bg2 c6 4. c4 dxc4 5. a4 Qd5 6. Nc3 Qa5 7. b3 cxb3 8.
Qxb3 e5 9. O-O Be7 10. Ba3 Qc7 11. Rfc1 O-O 12. Ng5 Na6 13. Bd5 Bxa3 14. Bxf7+
Rxf7 15. Rxa3 Qe7 16. Nb5 Ne8 17. Nxf7 Qxf7 18. Qxf7+ Kxf7 19. Rf3+ Nf6 20.
Nd6+ Ke6 21. Nc4 Nb4 22. Re3 e4 23. Na5 Nbd5 24. Rb3 Nb6 25. Nxb7 Bxb7 26. a5
Nfd7 27. d4 Kd6 28. Ra1 Rd8 29. axb6 axb6 30. f3 exf3 31. Rxf3 Nf6 32. Rf4 Kc7
33. g4 h6 34. h4 Rd7 35. Raf1 Rd5 36. e3 Ba6 37. Ra1 Kb7 38. Kf2 Bd3 39. Kf3
Bg6 40. Rg1 Ra5 41. g5 Bh5+ 42. Kf2 Ra2+ 43. Kg3 Nd5 44. Re4 hxg5 45. hxg5 b5
46. Rh1 g6 47. Rxh5 gxh5 48. g6 b4 49. g7 Ra8 0-1

[Event "Ctor por Equipos de Aragon-Division de Honor"]
[Site ""]
[Date "2023.02.25"]
[Round "5.22"]
[White "Ramiro Ovejero, Juan Luis"]
[Black "Zambrana Petisme, Ramiro"]
[Result "1-0"]
[WhiteElo "2298"]
[BlackElo "2143"]
[PlyCount "0"]
[WhiteTeam "Jaime Casas"]
[BlackTeam "Palacio De Pioneros B"]
[EventDate "2023.01.28"]

1. e4 c5 2. Nf3 d6 3. Bb5+ Nd7 4. O-O a6 5. Bxd7+ Bxd7 6. d4 cxd4 7. Qxd4 Nf6
8. Bg5 Bc6 9. Nc3 e6 10. Nd5 exd5 11. exd5 Bxd5 12. Bxf6 Qxf6 13. Qxd5 Be7 14.
Qxb7 O-O 15. Rfe1 Rfe8 16. c3 Rab8 17. Qc6 Kf8 18. Re2 a5 19. Rae1 Rec8 20. Qd7
Re8 21. h3 d5 22. Nd4 Rb6 23. Rxe7 1-0

[Event "Ctor por Equipos de Aragon-Division de Honor"]
[Site ""]
[Date "2023.02.25"]
[Round "5.23"]
[White "Sacristan Latorre, Alberto"]
[Black "Roque Sola, Jose Luis"]
[Result "0-1"]
[WhiteElo "2100"]
[BlackElo "2217"]
[PlyCount "0"]
[WhiteTeam "Palacio De Pioneros B"]
[BlackTeam "Jaime Casas"]
[EventDate "2023.01.28"]

1. Nf3 Nf6 2. g3 g6 3. Bg2 Bg7 4. O-O O-O 5. c4 d5 6. cxd5 Nxd5 7. d4 Nb6 8.
Nc3 Nc6 9. d5 Nb4 10. e4 e6 11. Qb3 Na6 12. Be3 exd5 13. Nxd5 Be6 14. Ng5 Bg4
15. Rfe1 h6 16. h3 Bd7 17. Nf3 Re8 18. Bd4 Bxd4 19. Nxd4 c6 20. Nxb6 Qxb6 21.
Rad1 Rad8 22. Qxb6 axb6 23. a3 c5 24. Ne2 Bc6 25. Nc3 b5 26. Nd5 Bxd5 27. exd5
Rxe1+ 28. Rxe1 Kf8 29. f4 b4 30. axb4 Nxb4 31. Rd1 Ke7 32. Kf2 Kd6 33. Ra1 Rd7
34. Rd1 b5 35. Ke3 Re7+ 36. Kd2 c4 37. b3 Kc5 38. bxc4 bxc4 39. Ra1 Kd4 40. d6
Rd7 41. f5 gxf5 42. Ra5 c3+ 43. Kd1 Rxd6 44. Rxf5 Nd3 45. Bf1 Ke4 46. g4 Nb4+
47. Kc1 Rd2 48. Rxf7 Na2+ 49. Kb1 c2+ 0-1

[Event "Ctor por Equipos de Aragon-Division de Honor"]
[Site ""]
[Date "2023.02.25"]
[Round "5.24"]
[White "Gimenez Martinez, Alberto"]
[Black "Colom Sienes, Eduardo"]
[Result "1-0"]
[WhiteElo "2196"]
[BlackElo "2086"]
[PlyCount "0"]
[WhiteTeam "Jaime Casas"]
[BlackTeam "Palacio De Pioneros B"]
[EventDate "2023.01.28"]


1. e4 e6 2. d4 d5 3. e5 c5 4. c3 Nc6 5. Nf3 Qb6 6. a3 Nh6 7. b4 cxd4 8. cxd4
Nf5 9. Be3 f6 10. exf6 gxf6 11. Bd3 Nxe3 12. fxe3 e5 13. Be2 e4 14. Nfd2 Rg8
15. Bh5+ Ke7 16. Nc3 Be6 17. Na4 Qc7 18. Qe2 Bh6 19. Rc1 Rac8 20. O-O Bh3 21.
Rf2 f5 22. Kh1 Bg4 23. Bxg4 fxg4 24. Rcf1 Rcf8 25. Rf5 Rxf5 26. Rxf5 Qd7 27.
Qf1 Ke8 28. Nc5 Qg7 29. Rxd5 Bxe3 30. Ndxe4 Rf8 31. Rf5 Rxf5 32. Qxf5 Qxd4 33.
Nf6+ Kf7 34. Nd5+ Kg8 35. Qxg4+ Qxg4 36. Nf6+ Kf7 37. Nxg4 Bc1 1-0

[Event "Ctor por Equipos de Aragon-Division de Honor"]
[Site ""]
[Date "2023.02.25"]
[Round "5.25"]
[White "Ruperez Benito, Antonio"]
[Black "Cid Royo, Oscar"]
[Result "1/2-1/2"]
[WhiteElo "2315"]
[BlackElo "1998"]
[PlyCount "0"]
[WhiteTeam "Palacio De Pioneros A"]
[BlackTeam "L'Aurora Estadilla"]
[EventDate "2023.01.28"]

1. e4 c6 2. Nc3 d5 3. Nf3 g6 4. d4 Bg7 5. h3 dxe4 6. Nxe4 Nf6 7. Nxf6+ exf6 8.
Be3 O-O 9. Qd2 Re8 10. O-O-O Be6 11. Kb1 Nd7 12. Bh6 Bh8 13. h4 Nb6 14. h5 a5
15. Bd3 Nc4 16. Qf4 Qb6 17. Bxc4 Bxc4 18. Qh4 Bd5 19. Bf4 Re7 20. Ne5 fxe5 21.
Qxe7 exf4 22. hxg6 Bxd4 23. gxf7+ Bxf7 24. b3 Re8 25. Qd7 c5 26. Rhe1 Rxe1 27.
Rxe1 Qb4 28. Qd8+ Kg7 29. Qg5+ Kf8 1/2-1/2

[Event "Ctor por Equipos de Aragon-Division de Honor"]
[Site ""]
[Date "2023.02.25"]
[Round "5.26"]
[White "Ayensa Garcia, Miguel Angel"]
[Black "Romero Pallares, Daniel"]
[Result "0-1"]
[WhiteElo "1950"]
[BlackElo "2280"]
[PlyCount "0"]
[WhiteTeam "L'Aurora Estadilla"]
[BlackTeam "Palacio De Pioneros A"]
[EventDate "2023.01.28"]

1. c4 g6 2. Nc3 Bg7 3. d4 d6 4. e4 Nf6 5. Be2 O-O 6. Nf3 Nbd7 7. Bg5 h6 8. Bh4
e5 9. dxe5 dxe5 10. Qc2 c6 11. Bxf6 Qxf6 12. O-O Qe7 13. a3 Nc5 14. b4 Ne6 15.
g3 Re8 16. Bd3 Bd7 17. Rad1 Rad8 18. Rd2 h5 19. Ne2 Qf6 20. Kg2 Bh6 21. Rdd1 a5
22. c5 axb4 23. axb4 Ng7 24. Nfg1 h4 25. Bc4 Bg4 26. f3 Rxd1 27. Qxd1 Bc8 28.
Qb3 Rd8 29. Rd1 Be6 30. Bxe6 Nxe6 31. Rd3 Qe7 32. Qd1 Rxd3 33. Qxd3 hxg3 34.
hxg3 Qc7 35. Nc3 Bg7 36. Nge2 Qb8 37. Qd2 Qa8 38. Qd6 Qa6 39. b5 cxb5 40. Nd5
Qa2 41. Kf1 Qb1+ 42. Kf2 Qc2 43. Qb8+ Kh7 44. Qxb7 Nd4 45. Ndc3 Nxe2 46. Nxe2
Qxc5+ 47. Kf1 Qc4 48. Qd5 Qxd5 49. exd5 Kg8 50. Ke1 Kf8 51. Nc3 b4 52. Nb5 Ke7
53. Kd2 f5 54. Kd3 Kd7 55. g4 e4+ 56. Ke3 exf3 57. gxf5 gxf5 58. Kxf3 b3 59.
Kf4 b2 60. Na3 Bf8 61. Nb1 Kd6 62. Nc3 Bg7 63. Nb1 Kxd5 64. Kxf5 Kd4 65. Kf4
Kd3 66. Kf3 Bf8 0-1